[Event "DEM U14w 2000"]
[Site "Überlingen GER"]
[Date "2000.06.07"]
[Round "6"]
[White "Brethauer, Sarah"]
[Black "Beltz, Franziska"]
[Result "1/2-1/2"]
[Termination "normal"]
[Board "2"]
[WhiteElo "1676"]
[BlackElo "1681"]
[PlyCount "24"]
[WhiteFideId "24605220"]
[BlackFideId "4681401"]
[EventCountry "GER"]
[EventRounds "9"]
[EventType "swiss"]
[EventDate "2000.06.03"]

1. e4 c5 2. Nf3 d6 3. d4 cxd4 4. Nxd4 Nf6 5. Nc3 a6 6. Bg5 e6 7. f4 Be7 8. Qf3
Qc7 9. O-O-O Nbd7 10. g4 b5 11. f5 Nc5 12. a3 Nfxe4 1/2-1/2

[Event "DEM U14w 2000"]
[Site "Überlingen GER"]
[Date "2000.06.07"]
[Round "6"]
[White "Wagle, Marina"]
[Black "Janotta, Steffi"]
[Result "1-0"]
[Termination "normal"]
[Board "3"]
[WhiteElo "1575"]
[BlackElo "1356"]
[PlyCount "27"]
[BlackFideId "4696344"]
[EventCountry "GER"]
[EventRounds "9"]
[EventType "swiss"]
[EventDate "2000.06.03"]

1. c4 e5 2. Nc3 Nc6 3. e3 f5 4. d4 d6 5. dxe5 dxe5 6. Qxd8+ Kxd8 7. e4 g6 8.
Bg5+ Be7 9. O-O-O+ Bd7 10. Nf3 h6 11. Bxe7+ Ngxe7 12. b4 fxe4 13. Nxe4 a6 14.
Nc5 1-0

[Event "DEM U14w 2000"]
[Site "Überlingen GER"]
[Date "2000.06.07"]
[Round "6"]
[White "Gudzik, Georgina"]
[Black "Katte, Isabel"]
[Result "1/2-1/2"]
[Termination "normal"]
[Board "4"]
[WhiteElo "1356"]
[BlackElo "1375"]
[PlyCount "62"]
[BlackFideId "24612987"]
[EventCountry "GER"]
[EventRounds "9"]
[EventType "swiss"]
[EventDate "2000.06.03"]

1. e4 b6 2. d4 Bb7 3. Nc3 e6 4. a3 Be7 5. Nf3 d5 6. exd5 exd5 7. Bf4 Nf6 8.
Bb5+ Nbd7 9. Qe2 O-O 10. O-O-O Re8 11. Qd2 c6 12. Bd3 b5 13. Na2 a5 14. g4 Ne4
15. Qe2 Bg5 16. Nxg5 Nxg5 17. Be3 Nb6 18. b3 Qd6 19. Kb2 Rab8 20. h4 Ne6 21.
Qd2 Qd7 22. g5 Ra8 23. h5 a4 24. b4 Nf8 25. Kb1 Re7 26. Rdg1 Nc4 27. Bxc4 dxc4
28. c3 Qf5+ 29. Kb2 c5 30. Rh4 cxd4 31. Qxd4 Qd5 1/2-1/2

[Event "DEM U14w 2000"]
[Site "Überlingen GER"]
[Date "2000.06.07"]
[Round "6"]
[White "Frey, Claudia"]
[Black "Ratner, Syusanna"]
[Result "1-0"]
[Termination "normal"]
[Board "5"]
[WhiteElo "1390"]
[BlackElo "1263"]
[PlyCount "65"]
[WhiteFideId "24614513"]
[EventCountry "GER"]
[EventRounds "9"]
[EventType "swiss"]
[EventDate "2000.06.03"]

1. e4 e5 2. Nf3 Nc6 3. Bc4 Bc5 4. b4 Bxb4 5. c3 Ba5 6. d4 Nf6 7. dxe5 Nxe4 8.
Qd5 O-O 9. Qxe4 Re8 10. O-O d6 11. Ng5 Nxe5 12. Qxh7+ Kf8 13. Qh8+ Ke7 14. Qh4
f6 15. Bb3 Rh8 16. Qg3 Rh6 17. Ne6 Rg6 18. Qxg6 Nxg6 19. Nxd8 Kxd8 20. Bb2 Bf5
21. Nd2 Bd3 22. Rfe1 Ne5 23. Rad1 Kd7 24. Nf3 Ba6 25. Nxe5+ fxe5 26. Rxe5 Bb6
27. Rf5 Re8 28. h3 g6 29. Rf7+ Kd8 30. c4 Bc5 31. Bc3 b6 32. Re1 Bc8 33. Bf6+
1-0

[Event "DEM U14w 2000"]
[Site "Überlingen GER"]
[Date "2000.06.07"]
[Round "6"]
[White "Sdunzik, Jennifer"]
[Black "Forchmann, Anneliese"]
[Result "1/2-1/2"]
[Termination "normal"]
[Board "6"]
[WhiteElo "1222"]
[BlackElo "1376"]
[PlyCount "57"]
[WhiteFideId "24620475"]
[EventCountry "GER"]
[EventRounds "9"]
[EventType "swiss"]
[EventDate "2000.06.03"]

1. e4 e6 2. d4 d5 3. Nc3 Bb4 4. Nge2 Ne7 5. a3 Bxc3+ 6. Nxc3 O-O 7. Be3 dxe4 8.
Nxe4 Nd5 9. Bd2 Nc6 10. c3 b6 11. Bd3 Bb7 12. O-O e5 13. dxe5 Nxe5 14. Bc2 Re8
15. Re1 c5 16. Qe2 Qc7 17. Qh5 Qd8 18. Nxc5 Nf6 19. Nxb7 Qxd2 20. Qd1 Nf3+ 21.
gxf3 Rxe1+ 22. Qxe1 Qxc2 23. Qb1 Qe2 24. Nd6 Qxf3 25. Nb5 Qh5 26. Nd4 Re8 27.
Qd3 Ng4 28. Qg3 Nf6 29. Qd3 1/2-1/2

[Event "DEM U14w 2000"]
[Site "Überlingen GER"]
[Date "2000.06.07"]
[Round "6"]
[White "Wolowski, Laura"]
[Black "Schöne, Maria"]
[Result "1/2-1/2"]
[Termination "normal"]
[Board "7"]
[WhiteElo "1088"]
[BlackElo "1634"]
[PlyCount "144"]
[BlackFideId "4681410"]
[EventCountry "GER"]
[EventRounds "9"]
[EventType "swiss"]
[EventDate "2000.06.03"]

1. e4 c5 2. Nc3 d6 3. f4 Nc6 4. Nf3 g6 5. Bc4 Bg7 6. O-O e6 7. f5 Na5 8. Bb5+
Bd7 9. Bxd7+ Qxd7 10. fxe6 fxe6 11. Qe1 Nc6 12. d3 Nf6 13. Bg5 O-O 14. a3 Rf7
15. Qh4 Raf8 16. Bh6 Bxh6 17. Qxh6 Ng4 18. Qd2 a6 19. Qe2 Qe7 20. h3 Nf6 21.
Qe3 Nh5 22. Ne2 e5 23. c3 Nd8 24. Ng5 Rf6 25. Rxf6 Qxf6 26. Nf3 Ne6 27. Rf1
Nef4 28. Nxf4 Nxf4 29. Rf2 Qe6 30. d4 cxd4 31. cxd4 Kg7 32. dxe5 dxe5 33. Qc3
Qb6 34. Qxe5+ Kg8 35. Qd4 Qb3 36. Kh2 Ne6 37. Qd5 Qb6 38. Rd2 Rd8 39. Qc4 Rxd2
40. Nxd2 Kf7 41. Qc3 Qd6+ 42. Kh1 Qb6 43. Nf3 Qf2 44. Qd2 Qf1+ 45. Kh2 Qb5 46.
Qf2 Kg7 47. Kh1 Kg8 48. Kh2 Kg7 49. Qd2 Qc6 50. e5 Kf7 51. Qf2 Kg7 52. Qh4 Nf8
53. Qe7+ Kg8 54. Kg3 Ne6 55. Ng5 Nxg5 56. Qxg5 Qe6 57. Qd8+ Kg7 58. Qc7+ Kh6
59. Qxb7 Qxe5+ 60. Kf2 Qd4+ 61. Ke2 Qa4 62. Kd3 Kg5 63. Kc3 h5 64. Qd5+ Kh6 65.
Qc4 Qa5+ 66. Kb3 Qb6+ 67. Ka2 Qd6 68. a4 Qb6 69. Ka3 Qd6+ 70. Qb4 Qd3+ 71. b3
Qf1 72. Qb7 Qf8+ 1/2-1/2

[Event "DEM U14w 2000"]
[Site "Überlingen GER"]
[Date "2000.06.07"]
[Round "6"]
[White "Schaper, Wiebke Mariet"]
[Black "Helmbold, Irene"]
[Result "0-1"]
[Termination "normal"]
[Board "8"]
[WhiteElo "1145"]
[BlackElo "1412"]
[PlyCount "68"]
[BlackFideId "24600873"]
[EventCountry "GER"]
[EventRounds "9"]
[EventType "swiss"]
[EventDate "2000.06.03"]

1. e4 c5 2. Nc3 d6 3. f4 e6 4. Bc4 Nf6 5. Nf3 a6 6. a4 Be7 7. d3 b6 8. O-O Bb7
9. Qe1 O-O 10. Rb1 d5 11. Bb3 c4 12. dxc4 dxe4 13. Ng5 Qc7 14. Ngxe4 Nxe4 15.
Nxe4 Qc6 16. Rf2 Qxe4 17. Qxe4 Bxe4 18. Re2 Bc5+ 19. Kh1 Rd8 20. Re1 Bb7 21. c3
Nd7 22. Bc2 Nf6 23. h3 Rd7 24. Kh2 Rad8 25. b4 Bd6 26. g3 Bc7 27. Be3 Rd2+ 28.
Bxd2 Rxd2+ 29. Kg1 Rxc2 30. Re3 Kf8 31. Ra1 Rg2+ 32. Kf1 Rh2 33. h4 Rh1+ 34.
Kf2 Rxa1 0-1

[Event "DEM U14w 2000"]
[Site "Überlingen GER"]
[Date "2000.06.07"]
[Round "6"]
[White "Schulz, Stefanie"]
[Black "Stejskal, Janina Maria"]
[Result "1/2-1/2"]
[Termination "normal"]
[Board "9"]
[WhiteElo "605"]
[BlackElo "1180"]
[PlyCount "104"]
[WhiteFideId "4693060"]
[BlackFideId "24601942"]
[EventCountry "GER"]
[EventRounds "9"]
[EventType "swiss"]
[EventDate "2000.06.03"]

1. e4 e5 2. Nf3 d6 3. d4 exd4 4. Nxd4 Be7 5. h3 Nf6 6. Nc3 O-O 7. Bc4 Nbd7 8.
Bf4 Re8 9. O-O c6 10. Re1 Qc7 11. a3 b6 12. b4 Bb7 13. Ba2 a6 14. Qd2 Nh5 15.
Bh2 a5 16. b5 c5 17. Nf3 Nhf6 18. Rad1 Bf8 19. Ng5 c4 20. Bxd6 Bxd6 21. Qxd6
Qc8 22. Qd4 Ne5 23. f4 Ng6 24. Qxc4 Qxc4 25. Bxc4 Re7 26. Nd5 Bxd5 27. exd5
Rxe1+ 28. Rxe1 h6 29. f5 Nh4 30. Ne4 Nxe4 31. Rxe4 Nxf5 32. Rf4 Nd6 33. a4 g5
34. Rd4 Kg7 35. g4 Kf6 36. Ba2 Ke5 37. Rd1 Ne4 38. Re1 Re8 39. Kg2 Kd6 40. c4
Re7 41. Bb1 Nd2 42. Rxe7 Kxe7 43. Bd3 Kd6 44. Kf2 Nb3 45. Ke3 Nc5 46. Bc2 Ke5
47. Bd1 f6 48. Bc2 Nd7 49. Kd3 Nc5+ 50. Ke3 Nd7 51. Kf3 Nc5 52. Ke3 Nd7 1/2-1/2

[Event "DEM U14w 2000"]
[Site "Überlingen GER"]
[Date "2000.06.07"]
[Round "6"]
[White "König, Daniela"]
[Black "Wölfer, Wiebke"]
[Result "1-0"]
[Termination "normal"]
[Board "11"]
[WhiteElo "1095"]
[BlackElo "1160"]
[PlyCount "93"]
[EventCountry "GER"]
[EventRounds "9"]
[EventType "swiss"]
[EventDate "2000.06.03"]

1. e4 e5 2. Nc3 Bc5 3. g3 Nf6 4. Bg2 d6 5. Na4 Nbd7 6. Nxc5 Nxc5 7. d3 Bg4 8.
f3 Be6 9. Ne2 Qd7 10. O-O Bh3 11. Be3 Bxg2 12. Kxg2 Qb5 13. Bxc5 Qxc5 14. Qd2
d5 15. c3 h6 16. d4 Qd6 17. dxe5 Qxe5 18. exd5 Qxd5 19. Qe3+ Qe6 20. Qxe6+ fxe6
21. Nd4 Kf7 22. Rfe1 Rhe8 23. Rad1 Re7 24. f4 Rd8 25. Nc6 Rxd1 26. Ne5+ Ke8 27.
Rxd1 Nd7 28. Nxd7 Rxd7 29. Rxd7 Kxd7 30. Kf3 Kd6 31. Ke4 g6 32. h3 c5 33. c4 a6
34. a4 b6 35. b3 e5 36. f5 g5 37. h4 g4 38. h5 a5 39. f6 Ke6 40. f7 Kxf7 41.
Kxe5 Ke7 42. Kf5 Kf7 43. Kxg4 Kf6 44. Kf4 Ke6 45. g4 Kf6 46. g5+ hxg5+ 47. Kg4
1-0

[Event "DEM U14w 2000"]
[Site "Überlingen GER"]
[Date "2000.06.07"]
[Round "6"]
[White "Kunz, Katharina"]
[Black "Hallmann, Bettina"]
[Result "0-1"]
[Termination "normal"]
[Board "12"]
[WhiteElo "637"]
[BlackElo "1310"]
[PlyCount "144"]
[EventCountry "GER"]
[EventRounds "9"]
[EventType "swiss"]
[EventDate "2000.06.03"]

1. e4 e5 2. Nf3 Nc6 3. Nc3 Nf6 4. Bc4 Bb4 5. d3 d6 6. h3 h6 7. Bd2 O-O 8. O-O
Bd7 9. Nd5 Bxd2 10. Nxd2 Nxd5 11. Bxd5 Qg5 12. Kh1 Rab8 13. Nf3 Qf6 14. c3 Be6
15. Bb3 a6 16. a4 Rfe8 17. Bc2 Rbd8 18. d4 exd4 19. cxd4 Na7 20. Qe2 Bd5 21.
Rfe1 Be6 22. Qe3 Ra8 23. Rad1 c6 24. e5 dxe5 25. dxe5 Qe7 26. Qe4 g6 27. Nh4
Bd5 28. Qe3 Qxh4 29. Rd4 Qg5 30. Rg4 Qxe3 31. Rxe3 Re6 32. Bf5 Re7 33. h4 Be6
34. Rf3 Bxf5 35. Rxf5 Kh7 36. Rf3 Rae8 37. Rgf4 Kg7 38. h5 g5 39. Rf6 b5 40.
axb5 axb5 41. R3f5 Rf8 42. Rf3 Rxe5 43. Rd6 Re7 44. Rff6 Re6 45. Rfxe6 fxe6 46.
Rxe6 Rxf2 47. Kh2 Rf6 48. Re7+ Rf7 49. Re6 c5 50. Rg6+ Kh7 51. Ra6 c4 52. Ra3
b4 53. Rg3 Rc7 54. Kg1 c3 55. Rf3 c2 56. b3 c1=Q+ 57. Kh2 Qf4+ 58. Rxf4 gxf4
59. Kh3 Rc3+ 60. Kh2 f3 61. gxf3 Rxf3 62. Kg2 Rxb3 63. Kh2 Kg7 64. Kg2 Kf6 65.
Kf2 Ke5 66. Ke2 Kd4 67. Kd2 Rb2+ 68. Ke1 Kd3 69. Kf1 Ke3 70. Kg1 Kf3 71. Kh1
Kg3 72. Kg1 Rb1# 0-1

[Event "DEM U14w 2000"]
[Site "Überlingen GER"]
[Date "2000.06.08"]
[Round "7"]
[White "Katte, Isabel"]
[Black "Schlander, Sabine"]
[Result "0-1"]
[Termination "normal"]
[Board "1"]
[WhiteElo "1375"]
[BlackElo "2170"]
[PlyCount "80"]
[WhiteFideId "24612987"]
[BlackFideId "4658949"]
[EventCountry "GER"]
[EventRounds "9"]
[EventType "swiss"]
[EventDate "2000.06.03"]

1. e4 e6 2. d4 d5 3. Nc3 Bb4 4. exd5 exd5 5. Bd3 c5 6. a3 Ba5 7. Nf3 Bg4 8. Be2
Nf6 9. O-O Bxc3 10. bxc3 Ne4 11. Qd3 c4 12. Qe3 O-O 13. Bxc4 Re8 14. Ne5 Bf5
15. f3 Nf6 16. Bb3 Qc8 17. Bd2 Nc6 18. Ba4 Nd7 19. Bxc6 bxc6 20. Qf4 Nxe5 21.
dxe5 Bxc2 22. Rac1 Bd3 23. Rfe1 Re6 24. Re3 Bc4 25. Qg4 Qc7 26. f4 Rae8 27.
Rce1 Kf8 28. Bc1 Bb3 29. Bd2 Bc2 30. a4 Be4 31. Rg3 Rg6 32. Qh4 Rh6 33. Qg4 Rg6
34. Qh4 Rxg3 35. Qxg3 Qb6+ 36. Qe3 Qa6 37. Qc5+ Kg8 38. Ra1 Qb6 39. Be3 Qb2 40.
Rc1 Qxg2# 0-1

[Event "DEM U14w 2000"]
[Site "Überlingen GER"]
[Date "2000.06.08"]
[Round "7"]
[White "Beltz, Franziska"]
[Black "Wagle, Marina"]
[Result "1-0"]
[Termination "normal"]
[Board "2"]
[WhiteElo "1681"]
[BlackElo "1575"]
[PlyCount "91"]
[WhiteFideId "4681401"]
[EventCountry "GER"]
[EventRounds "9"]
[EventType "swiss"]
[EventDate "2000.06.03"]

1. e4 e6 2. d3 c6 3. f4 d5 4. Nd2 Qc7 5. g3 Nd7 6. e5 c5 7. Ngf3 Be7 8. Bg2 f6
9. Qe2 fxe5 10. Nxe5 Nxe5 11. fxe5 Nh6 12. O-O Nf5 13. Nf3 O-O 14. c3 d4 15. c4
Rb8 16. Qe1 Bd8 17. g4 Ne7 18. Ng5 Rxf1+ 19. Qxf1 Ng6 20. Nxh7 Qf7 21. Qxf7+
Kxf7 22. Ng5+ Kg8 23. Nf3 Bc7 24. Bd2 Nxe5 25. Nxe5 Bxe5 26. Re1 Bd6 27. Be4 b5
28. cxb5 Rxb5 29. b3 Rb6 30. Re2 Be7 31. Bf4 Bd6 32. Bxd6 Rxd6 33. Rc2 Ra6 34.
Rxc5 Bd7 35. Rc7 Be8 36. Rc2 Rb6 37. Kf2 a5 38. Rc4 a4 39. bxa4 Rb2+ 40. Kf3
Rxa2 41. Rxd4 Rxa4 42. Rd8 Kf7 43. Rxe8 Rxe4 44. dxe4 Kxe8 45. Kf4 Kf7 46. Kg5
1-0

[Event "DEM U14w 2000"]
[Site "Überlingen GER"]
[Date "2000.06.08"]
[Round "7"]
[White "Krege, Sandra"]
[Black "Brethauer, Sarah"]
[Result "1/2-1/2"]
[Termination "normal"]
[Board "3"]
[WhiteElo "1697"]
[BlackElo "1676"]
[PlyCount "100"]
[WhiteFideId "4680910"]
[BlackFideId "24605220"]
[EventCountry "GER"]
[EventRounds "9"]
[EventType "swiss"]
[EventDate "2000.06.03"]

1. e4 c5 2. Nf3 Nc6 3. d4 cxd4 4. Nxd4 g6 5. Be3 Bg7 6. Nc3 Nf6 7. Be2 O-O 8.
Qd2 d5 9. exd5 Nxd5 10. Nxc6 bxc6 11. Rd1 Bb7 12. Nxd5 cxd5 13. Qb4 Qc7 14. c3
d4 15. cxd4 Bxg2 16. Rc1 Qb7 17. Qxb7 Bxb7 18. f3 Rac8 19. Kf2 Rfd8 20. Rhd1 e6
21. b3 Rxc1 22. Rxc1 Rc8 23. Rxc8+ Bxc8 24. d5 a5 25. d6 Be5 26. Bc5 Bd7 27. h3
f5 28. a4 Kf7 29. Bb5 Ke8 30. Ke3 Bxb5 31. axb5 Kd7 32. Bb6 Bc3 33. Bc7 e5 34.
b6 Kc8 35. Kd3 Bb4 36. h4 h6 37. d7+ Kxd7 38. Bxe5 Kc6 39. Bd4 g5 40. hxg5 hxg5
41. Bf6 g4 42. fxg4 fxg4 43. Bd4 g3 44. Ke2 Kb7 45. Kf3 Kc6 46. Kxg3 Kb7 47.
Kf4 Be7 48. Kf5 Bd8 49. Ke4 Bxb6 50. Bxb6 Kxb6 1/2-1/2

[Event "DEM U14w 2000"]
[Site "Überlingen GER"]
[Date "2000.06.08"]
[Round "7"]
[White "Janotta, Steffi"]
[Black "Frey, Claudia"]
[Result "1-0"]
[Termination "normal"]
[Board "4"]
[WhiteElo "1356"]
[BlackElo "1390"]
[PlyCount "50"]
[WhiteFideId "4696344"]
[BlackFideId "24614513"]
[EventCountry "GER"]
[EventRounds "9"]
[EventType "swiss"]
[EventDate "2000.06.03"]

1. e4 e5 2. Nf3 Nf6 3. Nxe5 d6 4. Nf3 Nxe4 5. Qe2 Qe7 6. d3 Nf6 7. Bg5 Qxe2+ 8.
Bxe2 Be7 9. Nc3 c6 10. O-O O-O 11. Rfe1 Be6 12. Nd4 Na6 13. Bf3 Nc7 14. Re2
Rfe8 15. Nxc6 d5 16. Nxe7+ Rxe7 17. Bxf6 gxf6 18. Nxd5 Rd7 19. Nxf6+ Kg7 20.
Nxd7 Bxd7 21. Re7 Rd8 22. Bg4 Kf6 23. Rxd7 Rxd7 24. Bxd7 Nd5 25. c3 Ke7 1-0

[Event "DEM U14w 2000"]
[Site "Überlingen GER"]
[Date "2000.06.08"]
[Round "7"]
[White "Forchmann, Anneliese"]
[Black "Gudzik, Georgina"]
[Result "1-0"]
[Termination "normal"]
[Board "5"]
[WhiteElo "1376"]
[BlackElo "1356"]
[PlyCount "43"]
[EventCountry "GER"]
[EventRounds "9"]
[EventType "swiss"]
[EventDate "2000.06.03"]

1. e4 e5 2. Nf3 Nc6 3. Bb5 Nf6 4. O-O d6 5. Re1 Bg4 6. c3 a6 7. Ba4 b5 8. Bc2
Be7 9. h3 Bh5 10. d4 Bxf3 11. gxf3 Nh5 12. f4 Nxf4 13. Bxf4 exf4 14. Qg4 Bg5
15. e5 d5 16. Bb3 Bh6 17. e6 f6 18. Qh5+ Ke7 19. Qf7+ Kd6 20. e7 Qg8 21. Re6+
Kd7 22. e8=Q# 1-0

[Event "DEM U14w 2000"]
[Site "Überlingen GER"]
[Date "2000.06.08"]
[Round "7"]
[White "Ratner, Syusanna"]
[Black "Sdunzik, Jennifer"]
[Result "0-1"]
[Termination "normal"]
[Board "6"]
[WhiteElo "1263"]
[BlackElo "1222"]
[PlyCount "118"]
[BlackFideId "24620475"]
[EventCountry "GER"]
[EventRounds "9"]
[EventType "swiss"]
[EventDate "2000.06.03"]

1. e4 c5 2. Nf3 d6 3. d4 cxd4 4. Nxd4 Nf6 5. Nc3 a6 6. Bg5 e6 7. f4 Be7 8. Qf3
Qc7 9. g4 Nbd7 10. O-O-O b5 11. a3 Bb7 12. Rg1 Rc8 13. Bxf6 Nxf6 14. Bd3 Nd7
15. g5 Nb6 16. Kb1 Nc4 17. h4 Nxa3+ 18. Kc1 Nc4 19. f5 e5 20. Nb3 Nxb2 21. Kxb2
Qxc3+ 22. Kb1 d5 23. Bxb5+ axb5 24. Qxc3 Rxc3 25. exd5 Bd6 26. Na5 Ba8 27. Kb2
b4 28. Rg4 Rf3 29. Nc4 Kd7 30. Nxd6 Kxd6 31. Rxb4 Rxf5 32. c4 Rc8 33. Kb3 Rf3+
34. Ka4 e4 35. Rb6+ Kc5 36. Rb5+ Kxc4 37. Rc1+ Kd4 38. Rxc8 Bxd5 39. Rd8 Rf5
40. Rb4+ Ke5 41. Re8+ Kf4 42. Rh8 h6 43. gxh6 gxh6 44. Rxh6 Kg4 45. Rh7 Kf3 46.
Rh8 e3 47. Rc8 e2 48. Rc3+ Kf2 49. Rb2 Kf1 50. Rc1+ e1=Q 51. Rxe1+ Kxe1 52.
Rb1+ Kf2 53. Rb4 Rh5 54. Rd4 Be6 55. Ka3 Kg3 56. Kb2 Rxh4 57. Rxh4 Kxh4 58. Kc1
Kg3 59. Kd2 f5 0-1

[Event "DEM U14w 2000"]
[Site "Überlingen GER"]
[Date "2000.06.08"]
[Round "7"]
[White "Zhang, Fan"]
[Black "Wolowski, Laura"]
[Result "1/2-1/2"]
[Termination "normal"]
[Board "7"]
[WhiteElo "1054"]
[BlackElo "1088"]
[PlyCount "59"]
[WhiteFideId "24609730"]
[EventCountry "GER"]
[EventRounds "9"]
[EventType "swiss"]
[EventDate "2000.06.03"]

1. d4 d5 2. c4 e5 3. dxe5 d4 4. Nf3 Nc6 5. a3 Bg4 6. Nbd2 Nge7 7. h3 Bxf3 8.
Nxf3 Ng6 9. Qa4 Qd7 10. b4 Ncxe5 11. Nxe5 Nxe5 12. Qxd7+ Nxd7 13. c5 Rd8 14.
Bb2 Ne5 15. Rd1 Nc4 16. Bc1 Ne5 17. g3 g6 18. Bg5 Be7 19. Bf4 Bf6 20. a4 O-O
21. Bg2 c6 22. O-O Rfe8 23. Rfe1 a6 24. Bc1 Nc4 25. Bf1 Ne5 26. Bb2 Nc4 27. Ba1
b5 28. a5 Bg7 29. Rd3 Ne5 30. Rd2 1/2-1/2

[Event "DEM U14w 2000"]
[Site "Überlingen GER"]
[Date "2000.06.08"]
[Round "7"]
[White "Helmbold, Irene"]
[Black "König, Daniela"]
[Result "1/2-1/2"]
[Termination "normal"]
[Board "8"]
[WhiteElo "1412"]
[BlackElo "1095"]
[PlyCount "90"]
[WhiteFideId "24600873"]
[EventCountry "GER"]
[EventRounds "9"]
[EventType "swiss"]
[EventDate "2000.06.03"]

1. e4 e5 2. Nf3 Nc6 3. Nc3 Nf6 4. d4 exd4 5. Nd5 Nb4 6. Bc4 Nbxd5 7. exd5 Bc5
8. O-O O-O 9. Nxd4 d6 10. Bg5 Re8 11. Bb5 Re4 12. Nf3 Rb4 13. Bxf6 Qxf6 14. Qe2
Bg4 15. Rfe1 g6 16. c3 Rf4 17. Qe7 Bxf3 18. Qxf6 Rxf6 19. gxf3 Rxf3 20. Re2 Kf8
21. Rae1 Rf5 22. a4 a6 23. Bc4 f6 24. Kg2 Re5 25. Rxe5 fxe5 26. Bd3 Kg7 27. f3
Rf8 28. Re4 Rf4 29. Kg3 Rxe4 30. fxe4 Kf6 31. c4 h6 32. Be2 a5 33. b3 Ke7 34.
h3 c6 35. Kg2 Kd8 36. Kg3 Kc7 37. Bd1 cxd5 38. cxd5 Bd4 39. Kg2 Kb6 40. Kg3 Kc5
41. Kg2 Bc3 42. Kf3 Kd4 43. Be2 h5 44. Bd1 g5 45. Bc2 b6 1/2-1/2

[Event "DEM U14w 2000"]
[Site "Überlingen GER"]
[Date "2000.06.08"]
[Round "7"]
[White "Schöne, Maria"]
[Black "Schulz, Stefanie"]
[Result "1-0"]
[Termination "normal"]
[Board "9"]
[WhiteElo "1634"]
[BlackElo "605"]
[PlyCount "95"]
[WhiteFideId "4681410"]
[BlackFideId "4693060"]
[EventCountry "GER"]
[EventRounds "9"]
[EventType "swiss"]
[EventDate "2000.06.03"]

1. e4 e5 2. Nf3 Nc6 3. Bb5 Nd4 4. Nxd4 exd4 5. O-O Bc5 6. d3 c6 7. Bc4 d5 8.
exd5 cxd5 9. Bb5+ Bd7 10. Bxd7+ Qxd7 11. Bf4 Ne7 12. Nd2 O-O 13. Nf3 Ng6 14.
Be5 Nxe5 15. Nxe5 Qc7 16. Nf3 Rfe8 17. Qd2 h6 18. Rfe1 Rxe1+ 19. Rxe1 Rc8 20.
Re2 Bb6 21. h3 a5 22. Nh4 Bc5 23. a3 b5 24. Nf5 a4 25. Qe1 Kf8 26. Re5 Qb7 27.
Qe2 Qc6 28. Qg4 g6 29. Nxh6 Bd6 30. Re2 Re8 31. Qf4 Qd7 32. Rxe8+ Kxe8 33. Qf6
Qe7 34. Qxe7+ Kxe7 35. Ng4 f5 36. Nh2 b4 37. axb4 Bxb4 38. Nf3 Bc3 39. bxc3
dxc3 40. Kf1 a3 41. Nd4 a2 42. Nb3 d4 43. Ke2 Kf6 44. Kf3 Ke5 45. h4 Kf6 46.
Kf4 Kg7 47. Ke5 Kh6 48. Kxd4 1-0

[Event "DEM U14w 2000"]
[Site "Überlingen GER"]
[Date "2000.06.08"]
[Round "7"]
[White "Stejskal, Janina Maria"]
[Black "Schaper, Wiebke Mariet"]
[Result "1-0"]
[Termination "normal"]
[Board "10"]
[WhiteElo "1180"]
[BlackElo "1145"]
[PlyCount "53"]
[WhiteFideId "24601942"]
[EventCountry "GER"]
[EventRounds "9"]
[EventType "swiss"]
[EventDate "2000.06.03"]

1. e4 d6 2. d4 Nf6 3. Nc3 g6 4. Bc4 Bg7 5. Nf3 O-O 6. O-O Nxe4 7. Nxe4 d5 8.
Bd3 dxe4 9. Bxe4 Nd7 10. c3 Nf6 11. Bd3 Bg4 12. h3 Bxf3 13. Qxf3 b6 14. Bf4 c5
15. dxc5 bxc5 16. Rad1 Qb6 17. b3 Qa5 18. Bb1 Rfd8 19. Rxd8+ Rxd8 20. Re1 e6
21. Bg5 Nd5 22. Bxd8 Qxd8 23. c4 Nb4 24. Rd1 Qb8 25. Rd7 f6 26. Qe3 Qb6 27. Qe4
1-0

[Event "DEM U14w 2000"]
[Site "Überlingen GER"]
[Date "2000.06.08"]
[Round "7"]
[White "Hallmann, Bettina"]
[Black "Wölfer, Wiebke"]
[Result "1-0"]
[Termination "normal"]
[Board "11"]
[WhiteElo "1310"]
[BlackElo "1160"]
[PlyCount "89"]
[EventCountry "GER"]
[EventRounds "9"]
[EventType "swiss"]
[EventDate "2000.06.03"]

1. e4 e5 2. Nf3 Nc6 3. Nc3 d6 4. Bb5 a6 5. Ba4 b5 6. Bb3 Na5 7. d3 Nxb3 8. axb3
Nf6 9. Nxb5 Bg4 10. Nc3 d5 11. Bg5 Bb4 12. exd5 Qxd5 13. Bxf6 Bxf3 14. Qxf3
Qxf3 15. gxf3 gxf6 16. Rg1 Ke7 17. Ke2 Ke6 18. Ra4 a5 19. Nb5 Rac8 20. c3 c6
21. Na7 Rc7 22. cxb4 Rxa7 23. bxa5 Rb8 24. b4 Rab7 25. Rga1 Rxb4 26. Rxb4 Rxb4
27. Ra2 Kd7 28. a6 Rb8 29. a7 Ra8 30. Ke3 Kd6 31. Ra4 Kd5 32. f4 exf4+ 33. Kxf4
Ke6 34. Ke4 f5+ 35. Kd4 Kd6 36. b4 f6 37. Ra6 Kc7 38. Ke3 Kb7 39. Ra1 Rxa7 40.
Rxa7+ Kxa7 41. Kf4 Kb6 42. Kxf5 Kb5 43. Kxf6 Kxb4 44. Kg7 Kc5 45. f4 1-0

[Event "DEM U14w 2000"]
[Site "Überlingen GER"]
[Date "2000.06.08"]
[Round "7"]
[White "Mersmann, Maren"]
[Black "Kunz, Katharina"]
[Result "1/2-1/2"]
[Termination "normal"]
[Board "12"]
[WhiteElo "1111"]
[BlackElo "637"]
[PlyCount "74"]
[EventCountry "GER"]
[EventRounds "9"]
[EventType "swiss"]
[EventDate "2000.06.03"]

1. e4 e5 2. Nf3 Nc6 3. Bc4 Bc5 4. d3 Nf6 5. h3 h6 6. Be3 Bb6 7. O-O d6 8. Nc3
Nd4 9. Bxd4 Bxd4 10. Nxd4 exd4 11. Ne2 c5 12. Nf4 O-O 13. Qf3 Rb8 14. Qg3 b5
15. Bd5 Nxd5 16. Nxd5 Be6 17. Nf4 a6 18. Nh5 g6 19. Nf4 Kh7 20. Ne2 f5 21. Nf4
Qe8 22. exf5 Rxf5 23. Nxe6 Qxe6 24. Rfe1 Qf6 25. Re2 Rg5 26. Qh2 Re5 27. Rxe5
Qxe5 28. Qxe5 dxe5 29. Re1 Re8 30. f4 Kg7 31. fxe5 Kf7 32. Kf2 Ke6 33. Kf3 Kd5
34. Kf4 Rf8+ 35. Kg3 Re8 36. Kf4 Rf8+ 37. Kg3 Re8 1/2-1/2

[Event "DEM U14w 2000"]
[Site "Überlingen GER"]
[Date "2000.06.09"]
[Round "8"]
[White "Schlander, Sabine"]
[Black "Janotta, Steffi"]
[Result "1-0"]
[Termination "normal"]
[Board "1"]
[WhiteElo "2170"]
[BlackElo "1356"]
[PlyCount "51"]
[WhiteFideId "4658949"]
[BlackFideId "4696344"]
[EventCountry "GER"]
[EventRounds "9"]
[EventType "swiss"]
[EventDate "2000.06.03"]

1. e4 e5 2. Nf3 Nc6 3. d4 exd4 4. Nxd4 Nf6 5. Nxc6 bxc6 6. e5 Qe7 7. Qe2 Nd5 8.
c4 Ba6 9. b3 Nb6 10. Bb2 Qe6 11. Qe3 Be7 12. g3 O-O-O 13. c5 Bxf1 14. cxb6 Ba6
15. bxc7 Kxc7 16. Qxa7+ Bb7 17. Qa5+ Kc8 18. Nd2 c5 19. Rf1 Qh3 20. O-O-O Qxh2
21. Nc4 Qh6+ 22. Kb1 Be4+ 23. Ka1 d5 24. exd6 Bxd6 25. Qa6+ Bb7 26. Nxd6+ 1-0

[Event "DEM U14w 2000"]
[Site "Überlingen GER"]
[Date "2000.06.09"]
[Round "8"]
[White "Krege, Sandra"]
[Black "Beltz, Franziska"]
[Result "0-1"]
[Termination "normal"]
[Board "2"]
[WhiteElo "1697"]
[BlackElo "1681"]
[PlyCount "76"]
[WhiteFideId "4680910"]
[BlackFideId "4681401"]
[EventCountry "GER"]
[EventRounds "9"]
[EventType "swiss"]
[EventDate "2000.06.03"]

1. e4 e5 2. Nf3 Nc6 3. d4 exd4 4. Nxd4 Bc5 5. Be3 Qf6 6. c3 Nge7 7. Be2 O-O 8.
O-O d5 9. Nxc6 Qxc6 10. Bf3 Bxe3 11. exd5 Qb6 12. fxe3 Qxb2 13. Qd2 Qxa1 14.
Na3 Qxf1+ 15. Kxf1 a6 16. e4 Ng6 17. Qd4 f6 18. Qc5 Rf7 19. Bh5 Bd7 20. c4 b6
21. Qd4 Re8 22. Nb1 Rfe7 23. Nd2 f5 24. Bf3 Ne5 25. c5 Nxf3 26. gxf3 fxe4 27.
fxe4 bxc5 28. Qxc5 Bb5+ 29. Kf2 Bd3 30. d6 cxd6 31. Qd5+ Rf7+ 32. Ke3 Bb5 33.
Qxd6 Rd7 34. Qb4 Rd3+ 35. Kf2 Red8 36. Nb3 Rf8+ 37. Ke1 Rf1+ 38. Kxf1 Rxb3+ 0-1